[Event "IRI-chT 16th"]
[Site "Sari"]
[Date "2017.11.29"]
[Round "3.4"]
[White "Mashmooli, Kian"]
[Black "Hosseinzadeh, Nima"]
[Result "1-0"]
[WhiteElo "2138"]
[BlackElo "2318"]
[PlyCount "153"]
[EventDate "2017.09.13"]
[EventType "team-swiss"]
[EventRounds "11"]
[EventCountry "IRI"]
[SourceTitle "EXT 2019"]
[Source "ChessBase"]
[SourceDate "2018.10.10"]
[SourceVersion "1"]
[SourceVersionDate "2018.10.10"]
[SourceQuality "1"]
[WhiteTeam "Mazandaran Damoon Sakht"]
[BlackTeam "Tabriz Shahrdari"]
[WhiteTeamCountry "IRI"]
[BlackTeamCountry "IRI"]

1. e4 e5 2. Nf3 Nc6 3. d4 exd4 4. Bc4 Nf6 5. e5 d5 6. Bb5 Ne4 7. Nxd4 Bd7 8. Bxc6 bxc6 9. 0-0 Bc5 10. f3 Ng5 11. Be3 Bb6 12. f4 Ne4 13. Nd2 Nxd2 14. Qxd2 c5 15. Nf3 d4 16. Bf2 Bc6 17. c4 Qd7 18. Qd3 g6 19. e6 fxe6 20. Ne5 Qd6 21. Bh4 0-0 22. Nxg6 Rf7 23. Ne5 Rg7 24. Nxc6 Qxc6 25. Qh3 Ba5 26. Be1 Bxe1 27. Raxe1 Rg6 28. f5 exf5 29. Re7 h6 30. Rxf5 Rf8 31. Rxf8+ Kxf8 32. Re5 Kg8 33. Qc8+ Kh7 34. Re7+ Rg7 35. Qf5+ Qg6 36. Qxg6+ Kxg6 37. Re5 Rd7 38. Kf2 Rf7+ 39. Ke2 Rf5 40. Re7 Rf7 41. Re8 Kf6 42. Rh8 Kg5 43. Re8 Kf6 44. Ra8 Ke5 45. Rxa7 Ke4 46. Ra3 Rg7 47. Rg3 Rf7 48. Rh3 Rf4 49. a4 Rf6 50. Rh4+ Ke5 51. Rh5+ Ke4 52. Rh3 Rf4 53. a5 Rf8 54. Rh4+ Ke5 55. Rxh6 Rb8 56. Rh5+ Ke4 57. Rh4+ Ke5 58. Kd3 Rxb2 59. Rh5+ Kd6 60. Rg5 Rb3+ 61. Kd2 Rb2+ 62. Kd3 Rb3+ 63. Kd2 Rb2+ 64. Kd1 Rb4 65. h4 Rxc4 66. h5 Ra4 67. h6 Rxa5 68. g4 Ra8 69. h7 Rh8 70. Rg7 c4 71. g5 c3 72. g6 Ra8 73. Rg8 Ra1+ 74. Kc2 Ra2+ 75. Kb1 Rb2+ 76. Kc1 d3 77. Rd8+ 1-0

[Event "Hamedan op"]
[Site "Hamedan"]
[Date "2017.08.17"]
[Round "8"]
[White "Mashmooli, Kian"]
[Black "Saleh Kotah, Sayed Ataollah"]
[Result "1-0"]
[WhiteElo "2155"]
[BlackElo "1902"]
[PlyCount "81"]
[EventDate "2017.08.12"]
[EventType "swiss"]
[EventRounds "11"]
[EventCountry "IRI"]
[SourceTitle "CBM 180 Extra"]
[Source "ChessBase"]
[SourceDate "2017.10.06"]
[SourceVersion "1"]
[SourceVersionDate "2017.10.06"]
[SourceQuality "1"]

1. e4 d6 2. d4 Nf6 3. Nc3 g6 4. Be2 Bg7 5. h4 c5 6. dxc5 Qa5 7. Kf1 Qxc5 8. Be3 Qa5 9. h5 Nc6 10. h6 Bf8 11. Nh3 Bd7 12. a3 Ne5 13. f3 Ng8 14. Qd4 f6 15. Nf2 Nf7 16. b4 Qd8 17. Qd2 g5 18. f4 Bxh6 19. Rxh6 Ngxh6 20. fxg5 Nxg5 21. Bh5+ Nhf7 22. e5 0-0 23. exf6 exf6 24. Kg1 Be6 25. Nfe4 h6 26. Rf1 f5 27. Nxg5 Nxg5 28. Nd5 b6 29. Qd4 Rb8 30. Bc1 Bxd5 31. Bb2 Qf6 32. Qxd5+ Qe6 33. Qd4 Qe5 34. Qc4+ Qe6 35. Qc7 Nf7 36. Rf3 Qe1+ 37. Kh2 Qh4+ 38. Rh3 Qf4+ 39. Rg3+ Kh7 40. Bg6+ Kg8 41. Bxf7+ 1-0

[Event "IRI-chT 14th"]
[Site "Tehran"]
[Date "2015.09.18"]
[Round "8.6"]
[White "Mosadeghpour, Masoud"]
[Black "Mashmooli, Kian"]
[Result "1-0"]
[WhiteElo "2416"]
[BlackElo "2125"]
[PlyCount "61"]
[EventDate "2015.07.17"]
[EventType "team-tourn"]
[EventRounds "13"]
[EventCountry "IRI"]
[SourceTitle "EXT 2016"]
[Source "ChessBase"]
[SourceDate "2015.10.08"]
[SourceVersion "1"]
[SourceVersionDate "2015.10.08"]
[SourceQuality "1"]
[WhiteTeam "Lorestan Rah & Shahrsazi"]
[BlackTeam "Shomal Damon Sakht"]
[WhiteTeamCountry "IRI"]
[BlackTeamCountry "IRI"]

1. e4 c5 2. Nf3 Nc6 3. d4 cxd4 4. c3 d5 5. exd5 Qxd5 6. cxd4 e6 7. Nc3 Qa5 8. Bd3 Nf6 9. 0-0 Be7 10. Bd2 Qd8 11. Rc1 0-0 12. Bg5 Nb4 13. Bb1 b6 14. Ne5 Bb7 15. Re1 Rc8 16. Re3 g6 17. h4 Nbd5 18. Rg3 Nxc3 19. bxc3 Ne4 20. Bxe4 Bxe4 21. Qe2 Bb7 22. Bxe7 Qxe7 23. h5 Kg7 24. Qg4 Qe8 25. Qf4 Qe7 26. Qg4 Qe8 27. Re1 Bd5 28. Qf4 Qd8 29. Nd7 Re8 30. h6+ Kg8 31. Qe5 1-0

[Event "IRI-chT 14th"]
[Site "Tehran"]
[Date "2015.09.17"]
[Round "6.5"]
[White "Karimi, Mohammad"]
[Black "Mashmooli, Kian"]
[Result "0-1"]
[WhiteElo "2207"]
[BlackElo "2125"]
[PlyCount "102"]
[EventDate "2015.07.17"]
[EventType "team-tourn"]
[EventRounds "13"]
[EventCountry "IRI"]
[SourceTitle "EXT 2016"]
[Source "ChessBase"]
[SourceDate "2015.10.08"]
[SourceVersion "1"]
[SourceVersionDate "2015.10.08"]
[SourceQuality "1"]
[WhiteTeam "Bashgah Paeiz Ahvaz"]
[BlackTeam "Shomal Damon Sakht"]
[WhiteTeamCountry "IRI"]
[BlackTeamCountry "IRI"]

1. c4 Nf6 2. Nc3 e5 3. e3 Nc6 4. Nf3 d6 5. d4 Bg4 6. d5 Ne7 7. Be2 Ng6 8. e4 Be7 9. h3 Bd7 10. 0-0 0-0 11. Ne1 Ne8 12. Bd3 Bg5 13. Ne2 Bxc1 14. Qxc1 Nf6 15. f4 exf4 16. Nxf4 Ne5 17. Bb1 Qe7 18. Nf3 Nxf3+ 19. gxf3 g5 20. Ne2 Bxh3 21. Rf2 Kh8 22. Qc3 Qe5 23. Qxe5 dxe5 24. Ng3 Bd7 25. Bd3 Rg8 26. Kg2 Kg7 27. Rh1 Kg6 28. Nf5 Bxf5 29. exf5+ Kg7 30. Re2 Rae8 31. Rhe1 Nh5 32. Re3 Nf4+ 33. Kg3 Kf6 34. Bc2 h5 35. Ba4 Re7 36. Rd1 Rd8 37. Bc2 Ree8 38. Ra3 a6 39. Be4 Ne2+ 40. Kg2 Nd4 41. Rh1 Rh8 42. Ra4 Nxf5 43. Rb4 b6 44. Rc1 a5 45. Rb3 Nd4 46. Re3 Rdg8 47. c5 g4 48. fxg4 Rxg4+ 49. Kh3 Rhg8 50. Rf1+ Rf4 51. Rc1 Rgg4 0-1

[Event "Rasht Khazar op 13th"]
[Site "Rasht"]
[Date "2015.02.11"]
[Round "1"]
[White "Tarlev, Konstantin"]
[Black "Mashmooli, Kian"]
[Result "1-0"]
[WhiteElo "2557"]
[BlackElo "2175"]
[PlyCount "35"]
[EventDate "2015.02.11"]
[EventType "swiss"]
[EventRounds "9"]
[EventCountry "IRI"]
[SourceTitle "CBM 164 Extra"]
[Source "ChessBase"]
[SourceDate "2015.03.02"]
[SourceVersion "1"]
[SourceVersionDate "2015.03.02"]
[SourceQuality "1"]

1. Nf3 Nf6 2. c4 e6 3. d4 b6 4. a3 c5 5. d5 b5 6. Nc3 bxc4 7. e4 Qa5 8. Bd2 Qb6 9. Bxc4 Ba6 10. b3 exd5 11. exd5 Be7 12. 0-0 0-0 13. Re1 Re8 14. Bg5 Bf8 15. Qd3 Qxb3 16. Bxb3 Bxd3 17. Bxf6 Rxe1+ 18. Nxe1 1-0

[Event "Tehran Behin Cup 2nd"]
[Site "Tehran"]
[Date "2014.11.22"]
[Round "9"]
[White "Mashmooli, Kian"]
[Black "Ghorbani, Hadi"]
[Result "1-0"]
[WhiteElo "2199"]
[BlackElo "2047"]
[PlyCount "91"]
[EventDate "2014.11.15"]
[EventType "swiss"]
[EventRounds "9"]
[EventCountry "IRI"]
[SourceTitle "CBM 163 Extra"]
[Source "ChessBase"]
[SourceDate "2014.12.23"]
[SourceVersion "1"]
[SourceVersionDate "2014.12.23"]
[SourceQuality "1"]

1. e4 c5 2. Nf3 Nc6 3. Nc3 d6 4. Bb5 e6 5. 0-0 Bd7 6. d4 cxd4 7. Nxd4 a6 8. Be2 Nf6 9. a4 Be7 10. Be3 0-0 11. Nb3 b6 12. f4 Nb4 13. Bf3 Bc6 14. Rf2 d5 15. e5 Ne4 16. Bxe4 dxe4 17. Qg4 Nd5 18. Nxd5 Bxd5 19. Nd4 g6 20. f5 exf5 21. Nxf5 Be6 22. Nxe7+ Qxe7 23. Qxe4 Rab8 24. Bh6 Rfc8 25. Qe3 Rc4 26. c3 Qh4 27. Bg5 Qe4 28. Qxe4 Rxe4 29. Rd2 Bb3 30. a5 bxa5 31. Rxa5 Bc4 32. Bf6 h6 33. h4 Bb5 34. Kf2 g5 35. hxg5 hxg5 36. b3 Rb6 37. c4 Bc6 38. Rc5 g4 39. g3 Bb7 40. Rc7 Rxb3 41. Rd8+ Kh7 42. Rxf7+ Kg6 43. Rg7+ Kf5 44. Rg5+ Ke6 45. Rd6+ Kf7 46. Rg7+ 1-0

[Event "Tehran Alborz op 1st"]
[Site "Tehran"]
[Date "2014.03.07"]
[Round "2"]
[White "Mashmooli, Kian"]
[Black "Noroozi, Omid"]
[Result "0-1"]
[WhiteElo "2008"]
[BlackElo "2382"]
[PlyCount "52"]
[EventDate "2014.03.06"]
[EventType "swiss"]
[EventRounds "11"]
[EventCountry "IRI"]
[SourceTitle "CBM 159 Extra"]
[Source "ChessBase"]
[SourceDate "2014.04.24"]
[SourceVersion "1"]
[SourceVersionDate "2014.04.24"]
[SourceQuality "1"]

1. e4 c5 2. Nf3 d6 3. d4 cxd4 4. Nxd4 Nf6 5. Nc3 a6 6. Bg5 e6 7. f4 h6 8. Bh4 Be7 9. Bd3 Nxe4 10. Bxe7 Nxc3 11. Qg4 Kxe7 12. bxc3 Kf8 13. f5 h5 14. Qf3 e5 15. Ne6+ fxe6 16. fxe6+ Qf6 17. Qe3 Ke8 18. Rf1 Qh6 19. Qg3 Bxe6 20. Bg6+ Ke7 21. Rb1 h4 22. Qd3 Nd7 23. Rd1 d5 24. c4 d4 25. Qa3+ Kd8 26. Bf7 Rf8 0-1